000 00618nmm a22001577a 4500
005 20131217101030.0
008 131217b2006 gt ||||| |||| 00| 0 spa d
041 _aspa
044 _agt
090 _aLB
_b05875
110 _aCiencia y tecnología para el desarrollo
_93407
245 _aJornadas iberoamericanas sobre gestión del conocimiento al nivel de las organizaciones :
_bexperiencias en Latinoamérica y España
260 _aGuatemala
_bCYTED
_bMinisterio de asuntos exteriores y de cooperación
_bAgencia española de cooperación internacional
_c2006
300 _a28 diapositivas,
_c13 cm
942 _2z
_cCD-ROM
999 _c8074
_d8074